Bloomsbury portraits : (Record no. 353295)
[ view plain ]
| 000 -LEADER | |
|---|---|
| fixed length control field | 00950 a2200265 4500 |
| 003 - CONTROL NUMBER IDENTIFIER | |
| control field | OSt |
| 005 - DATE AND TIME OF LATEST TRANSACTION | |
| control field | 20180116192400.0 |
| 008 - FIXED-LENGTH DATA ELEMENTS--GENERAL INFORMATION | |
| fixed length control field | 120702t xxu||||| |||| 00| 0 eng d |
| 010 ## - LIBRARY OF CONGRESS CONTROL NUMBER | |
| LC control number | 76005354 |
| 020 ## - INTERNATIONAL STANDARD BOOK NUMBER | |
| International Standard Book Number | 0714816280 : |
| 020 ## - INTERNATIONAL STANDARD BOOK NUMBER | |
| International Standard Book Number | 9780714829616 |
| 040 ## - CATALOGING SOURCE | |
| Transcribing agency | 0 |
| 082 00 - DEWEY DECIMAL CLASSIFICATION NUMBER | |
| Classification number | 759.2142 |
| 100 1# - MAIN ENTRY--PERSONAL NAME | |
| Personal name | Shone, Richard. |
| 9 (RLIN) | 5165 |
| 245 10 - TITLE STATEMENT | |
| Title | Bloomsbury portraits : |
| Remainder of title | Vanessa Bell, Duncan Grant, and their circle / |
| Statement of responsibility, etc. | Richard Shone. |
| 260 ## - PUBLICATION, DISTRIBUTION, ETC. | |
| Place of publication, distribution, etc. | Oxford : |
| Name of publisher, distributor, etc. | Phaidon ; |
| Place of publication, distribution, etc. | New York : |
| Name of publisher, distributor, etc. | E. P. Dutton, |
| Date of publication, distribution, etc. | 1976. |
| 300 ## - PHYSICAL DESCRIPTION | |
| Extent | 272 p., [4] leaves of plates : |
| Other physical details | ill. (some col.) ; |
| Dimensions | 26 cm. |
| 500 ## - GENERAL NOTE | |
| General note | Includes index. |
| 600 10 - SUBJECT ADDED ENTRY--PERSONAL NAME | |
| Personal name | Bell, Vanessa, |
| Dates associated with a name | 1879-1961 |
| General subdivision | Friends and associates. |
| 9 (RLIN) | 5166 |
| 600 10 - SUBJECT ADDED ENTRY--PERSONAL NAME | |
| Personal name | Grant, Duncan, |
| Dates associated with a name | 1885-1978 |
| General subdivision | Friends and associates. |
| 9 (RLIN) | 5167 |
| 650 10 - SUBJECT ADDED ENTRY--TOPICAL TERM | |
| Topical term or geographic name entry element | Painters |
| Geographic subdivision | Great Britain |
| 9 (RLIN) | 5168 |
| 650 10 - SUBJECT ADDED ENTRY--TOPICAL TERM | |
| Topical term or geographic name entry element | Bloomsbury group. |
| 9 (RLIN) | 5169 |
| 942 ## - ADDED ENTRY ELEMENTS (KOHA) | |
| Institution code [OBSOLETE] | SADA |
| Koha item type | Book |
| Call number prefix | 759.2142 SHO 1976 |
| Source of classification or shelving scheme | |
| 952 ## - LOCATION AND ITEM INFORMATION (KOHA) | |
| -- | BOOK |
| Withdrawn status | Lost status | Source of classification or shelving scheme | Damaged status | Not for loan | Permanent Location | Current Location | Date acquired | Total Checkouts | Full call number | Barcode | Date last seen | Cost, replacement price | Price effective from | Koha item type |
|---|---|---|---|---|---|---|---|---|---|---|---|---|---|---|
| School of Art Design and Architecture (SADA) | School of Art Design and Architecture (SADA) | 06/29/2011 | 759.2142 SHO 1976 | SADA0001456 | 08/05/2011 | 2207.00 | 08/05/2011 | Book |
